[Event "CZE-ch U16 Girls"]
[Site "Kouty nad Desnou"]
[Date "2024.03.11"]
[Round "3"]
[White "Souralova, Jana"]
[Black "Holatova, Irena"]
[Result "1/2-1/2"]
[WhiteElo "1597"]
[BlackElo "1608"]
[PlyCount "124"]
[EventDate "2024.03.09"]
[EventType "swiss"]
[EventRounds "9"]
[EventCountry "CZE"]
[SourceTitle "CBM 219 Extra"]
[Source "ChessBase"]
[SourceDate "2024.05.31"]
[SourceVersion "1"]
[SourceVersionDate "2024.05.31"]
[SourceQuality "1"]

1. e4 e5 2. Nc3 Nf6 3. g3 d5 4. Bg2 d4 5. Nd5 Be6 6. Nxf6+ Qxf6 7. Qf3 Qxf3 8. Nxf3 f6 9. d3 Nc6 10. 0-0 0-0-0 11. Bd2 Bb4 12. Rfd1 Bxd2 13. Rxd2 Ne7 14. c3 g5 15. cxd4 g4 16. Ne1 exd4 17. f4 f5 18. e5 Bd5 19. Nc2 c5 20. Na3 a6 21. Bxd5 Nxd5 22. Nc4 Kb8 23. Kf2 Rhe8 24. Re1 Re6 25. Rc2 Nb4 26. Rd2 Nxa2 27. Ra1 Nb4 28. Nd6 Rd7 29. Nxf5 Rf7 30. Nd6 Rf8 31. Ke2 Rd8 32. Nf7 Rd7 33. Ng5 Rh6 34. Kf1 Nd5 35. Ne4 Ne3+ 36. Kg1 Rc7 37. Rc1 b6 38. Nd6 Rd7 39. Ra1 Ra7 40. Rf2 Re6 41. f5 Nxf5 42. Rxf5 Rae7 43. Rxa6 Rxe5 44. Rxe5 Rxe5 45. Ne4 Kb7 46. Ra1 b5 47. Kf2 c4 48. Ke2 c3 49. bxc3 dxc3 50. Ra3 Rh5 51. Nxc3 Rxh2+ 52. Kd1 Kc6 53. Rb3 Rg2 54. Ne2 h5 55. d4 Rh2 56. Kd2 h4 57. gxh4 Rxh4 58. Rg3 Kd5 59. Nc3+ Kc4 60. d5 Kc5 61. Ke3 Rh3 62. Kd2 Rh4 1/2-1/2

[Event "CZE-ch U16 Girls"]
[Site "Teplice"]
[Date "2023.03.15"]
[Round "6"]
[White "Foldynova, Julie"]
[Black "Holatova, Irena"]
[Result "0-1"]
[WhiteElo "1100"]
[BlackElo "1000"]
[PlyCount "104"]
[EventDate "2023.03.11"]
[EventType "swiss"]
[EventRounds "9"]
[EventCountry "CZE"]
[SourceTitle "CBM 213 Extra"]
[Source "ChessBase"]
[SourceDate "2023.05.31"]
[SourceVersion "1"]
[SourceVersionDate "2023.05.31"]
[SourceQuality "1"]

1. e4 e5 2. d4 exd4 3. Qxd4 Nc6 4. Qe3 Be7 5. Nc3 d6 6. Bd2 Be6 7. a3 Nf6 8. 0-0-0 a6 9. f4 g6 10. Nf3 Qd7 11. h3 d5 12. exd5 Bxd5 13. Ne5 Qd6 14. Be1 Qe6 15. Bf2 0-0-0 16. Rg1 h6 17. g4 g5 18. Bg3 gxf4 19. Bxf4 Nxe5 20. Bxe5 Ne4 21. Nxd5 Rxd5 22. Rxd5 Qxd5 23. Bd3 Qxe5 24. Qxe4 Qxe4 25. Bxe4 Bg5+ 26. Kd1 c5 27. Rf1 Rd8+ 28. Ke2 Rd2+ 29. Kf3 f6 30. b3 b5 31. Rh1 Kc7 32. h4 f5 33. gxf5 Bf6 34. Kg4 Rd4 35. Kf3 Kd6 36. h5 a5 37. Rg1 c4 38. b4 axb4 39. axb4 c3 40. Rb1 Ke5 41. Bd3 Bh4 42. Bxb5 Rf4+ 43. Ke3 Bf2+ 44. Ke2 Rxf5 45. Bd3 Rf4 46. Rb3 Bd4 47. b5 Rf2+ 48. Kd1 Kf4 49. b6 Ke3 50. b7 Rg2 51. Ke1 Rg1+ 52. Bf1 Kf3 0-1